[Event "Medellin Raza Cup"]
[Site "Medellin"]
[Date "2022.10.22"]
[Round "7"]
[White "Cordoba Roa, Angel Gabriel"]
[Black "Miranda Vargas, Analia Karen"]
[Result "1-0"]
[WhiteElo "2099"]
[BlackElo "1866"]
[PlyCount "73"]
[EventDate "2022.10.19"]
[EventType "swiss"]
[EventRounds "10"]
[EventCountry "COL"]
[SourceTitle "EXT 2024"]
[Source "ChessBase"]
[SourceDate "2023.10.10"]
[SourceVersion "1"]
[SourceVersionDate "2023.10.10"]
[SourceQuality "1"]

1. e4 e5 2. Nf3 Nc6 3. Bb5 Nf6 4. d3 Bc5 5. c3 0-0 6. 0-0 d6 7. h3 h6 8. d4 Bb6 9. Re1 exd4 10. cxd4 a6 11. Ba4 d5 12. e5 Ne4 13. Nc3 Ba5 14. Nxe4 Bxe1 15. Ng3 Ba5 16. Bc2 f5 17. exf6 Qxf6 18. Qd3 Be6 19. Qh7+ Kf7 20. Nh5 Rh8 21. Nxf6 Rxh7 22. Nxh7 Rh8 23. Ne5+ Nxe5 24. dxe5 Ke7 25. b4 Bb6 26. Ba3 Ke8 27. b5 axb5 28. Rb1 c6 29. g4 d4 30. Bd6 Bc4 31. Rd1 d3 32. Bxd3 Bxd3 33. Rxd3 Rxh7 34. e6 Ba5 35. Ra3 b6 36. Rf3 Rh8 37. Rf7 1-0

[Event "Medellin Raza Cup"]
[Site "Medellin"]
[Date "2022.10.22"]
[Round "8"]
[White "Miranda Vargas, Analia Karen"]
[Black "Giraldo, Emanuel"]
[Result "1/2-1/2"]
[WhiteElo "1866"]
[BlackElo "1746"]
[PlyCount "51"]
[EventDate "2022.10.19"]
[EventType "swiss"]
[EventRounds "10"]
[EventCountry "COL"]
[SourceTitle "EXT 2024"]
[Source "ChessBase"]
[SourceDate "2023.10.10"]
[SourceVersion "1"]
[SourceVersionDate "2023.10.10"]
[SourceQuality "1"]

1. e4 d6 2. d4 Nf6 3. Nc3 g6 4. Be3 c6 5. Qd2 b5 6. f3 Nbd7 7. Bd3 Nb6 8. b3 a5 9. Nge2 Bg7 10. 0-0 0-0 11. a4 b4 12. Nd1 Nfd7 13. c3 c5 14. cxb4 cxb4 15. Rc1 Ba6 16. Nf2 Bxd3 17. Nxd3 e5 18. f4 Rc8 19. fxe5 dxe5 20. d5 Rxc1 21. Rxc1 f5 22. Bg5 Bf6 23. Bh6 Bg7 24. Bg5 Bf6 25. Bh6 Bg7 26. Bg5 1/2-1/2

[Event "Medellin Raza Cup"]
[Site "Medellin"]
[Date "2022.10.20"]
[Round "3"]
[White "Valencia Quinchia, Isabella"]
[Black "Miranda Vargas, Analia Karen"]
[Result "0-1"]
[WhiteElo "1473"]
[BlackElo "1866"]
[PlyCount "40"]
[EventDate "2022.10.19"]
[EventType "swiss"]
[EventRounds "10"]
[EventCountry "COL"]
[SourceTitle "EXT 2024"]
[Source "ChessBase"]
[SourceDate "2023.10.10"]
[SourceVersion "1"]
[SourceVersionDate "2023.10.10"]
[SourceQuality "1"]

1. e4 g6 2. d4 Bg7 3. Nc3 d6 4. Be3 Nf6 5. f3 0-0 6. Qd2 c6 7. g4 b5 8. g5 Nfd7 9. h4 b4 10. Nce2 c5 11. Nf4 Nc6 12. c3 bxc3 13. bxc3 Qa5 14. Rd1 Rb8 15. Nge2 Nb6 16. Nc1 Na4 17. Nd5 Rb2 18. Qd3 cxd4 19. Nb3 Ne5 20. Nxa5 Nxf3# 0-1

[Event "Pereira Fiestas de la Cosecha"]
[Site "Pereira"]
[Date "2022.08.27"]
[Round "7"]
[White "Miranda Vargas, Analia Karen"]
[Black "Vargas, Eduar Misael"]
[Result "1-0"]
[WhiteElo "1723"]
[BlackElo "1870"]
[PlyCount "72"]
[EventDate "2022.08.24"]
[EventType "swiss"]
[EventRounds "10"]
[EventCountry "COL"]
[SourceTitle "CBM 210 Extra"]
[Source "ChessBase"]
[SourceDate "2022.11.30"]
[SourceVersion "1"]
[SourceVersionDate "2022.11.30"]
[SourceQuality "1"]

1. Nf3 Nf6 2. g3 g6 3. Bg2 Bg7 4. d4 0-0 5. 0-0 d5 6. c4 c6 7. Nc3 Ne4 8. cxd5 cxd5 9. Qb3 Nxc3 10. bxc3 Nc6 11. Nd2 e6 12. e4 Na5 13. Qc2 b6 14. Ba3 Re8 15. Qd3 Bb7 16. Rfe1 Rc8 17. exd5 Bxd5 18. Bb4 Nc4 19. Nxc4 Rxc4 20. Rab1 Bxg2 21. Qxc4 Bd5 22. Qe2 Qc7 23. Rbc1 Bc4 24. Qf3 a5 25. Ba3 Rd8 26. Rc2 h5 27. Bc1 Bd5 28. Qe2 Qb7 29. Bf4 Bf3 30. Qe3 Bh1 31. f3 Bxf3 32. Rf2 Bd5 33. Be5 Bc4 34. Bxg7 Kxg7 35. Qe5+ Kg8 36. Qf6 b5 1-0

[Event "Pereira Fiestas de la Cosecha"]
[Site "Pereira"]
[Date "2022.08.26"]
[Round "6"]
[White "Miranda Vargas, Analia Karen"]
[Black "Garzon Camelo, Andres Santiago"]
[Result "1-0"]
[WhiteElo "1723"]
[BlackElo "1824"]
[PlyCount "67"]
[EventDate "2022.08.24"]
[EventType "swiss"]
[EventRounds "10"]
[EventCountry "COL"]
[SourceTitle "CBM 210 Extra"]
[Source "ChessBase"]
[SourceDate "2022.11.30"]
[SourceVersion "1"]
[SourceVersionDate "2022.11.30"]
[SourceQuality "1"]

1. Nf3 Nf6 2. g3 d5 3. c4 e6 4. Bg2 Be7 5. 0-0 0-0 6. d4 b6 7. Nc3 Bb7 8. Qc2 Nc6 9. cxd5 Nxd5 10. e4 Nxc3 11. bxc3 Rc8 12. Bh3 Na5 13. Rd1 f5 14. d5 Qe8 15. Nd4 Qh5 16. Bg2 exd5 17. exd5 Rf6 18. Bf4 Bd6 19. Re1 Nc4 20. Bf3 Qg6 21. Qc1 h6 22. Nb5 a6 23. Nxd6 cxd6 24. Re7 Ba8 25. Qd1 Re8 26. Bh5 Qxh5 27. Qxh5 Rxe7 28. Qd1 b5 29. h4 Nb6 30. Qh5 Nxd5 31. Bd2 Rf8 32. Qg6 Rfe8 33. Bxh6 Nxc3 34. Bxg7 1-0

[Event "South America-ch U16 Girls 17th"]
[Site "Guayaquil"]
[Date "2022.01.26"]
[Round "2"]
[White "Guerrero Caicedo, Arlette Sabina"]
[Black "Miranda Vargas, Analia Karen"]
[Result "0-1"]
[WhiteElo "1487"]
[BlackElo "1726"]
[PlyCount "54"]
[EventDate "2022.01.25"]
[EventType "swiss"]
[EventRounds "9"]
[EventCountry "ECU"]
[SourceTitle "CBM 206 Extra"]
[Source "ChessBase"]
[SourceDate "2022.03.31"]
[SourceVersion "1"]
[SourceVersionDate "2022.03.31"]
[SourceQuality "1"]

1. e4 d6 2. d4 g6 3. Nf3 Bg7 4. Be3 c5 5. c3 cxd4 6. cxd4 Nf6 7. Bd3 0-0 8. h3 Nc6 9. a3 Nd7 10. Qc2 Nb6 11. 0-0 Bd7 12. Nbd2 Rc8 13. Qd1 Na5 14. Rc1 d5 15. Qe2 dxe4 16. Nxe4 Bc6 17. Ned2 Bxf3 18. Nxf3 Rxc1 19. Rxc1 Nb3 20. Rd1 Nxd4 21. Bxd4 Bxd4 22. Nxd4 Qxd4 23. Bxg6 Qf6 24. Be4 Qe6 25. Qf3 Qe5 26. Qg4+ Qg7 27. Qh5 Nc4 0-1

[Event "South America-ch U20 Girls"]
[Site "Guayaquil"]
[Date "2021.11.03"]
[Round "2"]
[White "Miranda Vargas, Analia Karen"]
[Black "Ortiz Verdesoto, Anahi Eduarda"]
[Result "0-1"]
[WhiteElo "1622"]
[BlackElo "1982"]
[PlyCount "76"]
[EventDate "2021.11.02"]
[EventType "swiss"]
[EventRounds "9"]
[EventCountry "ECU"]
[SourceTitle "CBM 205 Extra"]
[Source "ChessBase"]
[SourceDate "2022.01.31"]
[SourceVersion "1"]
[SourceVersionDate "2022.01.31"]
[SourceQuality "1"]

1. e4 e5 2. Nf3 Nc6 3. Bb5 a6 4. Bxc6 dxc6 5. d3 f6 6. 0-0 Bg4 7. Nbd2 Bd6 8. h3 Bh5 9. Qe2 Ne7 10. b3 Qd7 11. Nc4 Ng6 12. Qe3 Nf4 13. d4 0-0 14. Bb2 Rae8 15. dxe5 fxe5 16. Nfxe5 Qe6 17. Rfe1 Bb4 18. c3 Be7 19. Nd3 Nxd3 20. Qxd3 Bh4 21. f3 Bxf3 22. Nd2 Bxg2 23. Kxg2 Rf2+ 24. Kh1 Qe5 25. Nf1 Rxb2 26. Re2 Rxe2 27. Qxe2 Qxc3 28. Rd1 Qxh3+ 29. Nh2 Qe6 30. Rd4 Bf6 31. Rc4 Be5 32. Ng4 Qe7 33. Qf2 Rf8 34. Qe1 Qg5 35. Nxe5 Qxe5 36. Rc2 Rf4 37. Re2 Qh5+ 38. Kg1 Rh4 0-1

[Event "South America-ch U20 Girls"]
[Site "Guayaquil"]
[Date "2021.11.02"]
[Round "1"]
[White "Miranda Vargas, Analia Karen"]
[Black "Hilario Huaranca, Aleyla Karen"]
[Result "1-0"]
[WhiteElo "1622"]
[BlackElo "1950"]
[PlyCount "141"]
[EventDate "2021.11.02"]
[EventType "swiss"]
[EventRounds "9"]
[EventCountry "ECU"]
[SourceTitle "CBM 205 Extra"]
[Source "ChessBase"]
[SourceDate "2022.01.31"]
[SourceVersion "1"]
[SourceVersionDate "2022.01.31"]
[SourceQuality "1"]

1. e4 e6 2. d4 d5 3. Nc3 Nf6 4. e5 Nfd7 5. Nce2 c5 6. c3 Nc6 7. f4 Be7 8. Nf3 a6 9. g3 b5 10. Bh3 b4 11. 0-0 bxc3 12. bxc3 cxd4 13. cxd4 Nb6 14. a3 a5 15. f5 exf5 16. Qc2 Bd7 17. Bxf5 Rc8 18. Bxd7+ Qxd7 19. Qd3 0-0 20. Nf4 Nd8 21. Rb1 Nc4 22. Rb3 Rc7 23. Bd2 f6 24. Re1 fxe5 25. Nxe5 Qd6 26. Rb5 Qxa3 27. Qxa3 Bxa3 28. Nxd5 Nxe5 29. dxe5 Rc2 30. Rxa5 Rxd2 31. Rxa3 Rxd5 32. e6 Re8 33. Ra8 Kf8 34. Rf1+ Kg8 35. Re1 Kf8 36. Rf1+ Ke7 37. Ra7+ Kxe6 38. Rxg7 Rh8 39. Ra1 Nf7 40. Ra7 Ne5 41. Rxh7 Rc8 42. Rac7 Ra8 43. Ra7 Rb8 44. Rab7 Rc8 45. Rbc7 Rf8 46. Kg2 Rd2+ 47. Kh3 Rff2 48. Rh6+ Kd5 49. Kh4 Rxh2+ 50. Kg5 Rhg2 51. Kh4 Rde2 52. Rh5 Ke4 53. Ra7 Nf3+ 54. Kg4 Ne5+ 55. Kh4 Nf3+ 56. Kg4 Ne5+ 57. Kh4 Re3 58. Ra4+ Kf3 59. Rf5+ Ke2 60. Ra2+ Kd3 61. Rxg2 Nf3+ 62. Kh5 Ne5 63. Rf6 Ke4 64. Rf4+ Kd3 65. Ra4 Re1 66. g4 Rh1+ 67. Kg5 Nf3+ 68. Kf4 Nh4 69. Rg3+ Kc2 70. Ra2+ Kb1 71. Rga3 1-0

[Event "Online Olym Div2 E"]
[Site "Chess.com INT"]
[Date "2021.09.04"]
[Round "8.3"]
[White "Miranda Vargas, Analia Karen"]
[Black "Diaz Charpentier, Kristel Melissa"]
[Result "1-0"]
[WhiteElo "1587"]
[BlackElo "1898"]
[PlyCount "145"]
[EventDate "2021.09.02"]
[EventType "team (rapid)"]
[EventRounds "9"]
[EventCountry "USA"]
[SourceTitle "CBM 204 Extra"]
[Source "ChessBase"]
[SourceDate "2021.11.30"]
[SourceVersion "1"]
[SourceVersionDate "2021.11.30"]
[SourceQuality "1"]
[WhiteTeam "Ecuador"]
[BlackTeam "Costa Rica"]
[WhiteTeamCountry "ECU"]
[BlackTeamCountry "CRI"]

1. e4 c5 2. Nf3 d6 3. c3 Nf6 4. h3 g6 5. Bd3 Bg7 6. Bc2 0-0 7. d4 cxd4 8. cxd4 Nc6 9. Nc3 e5 10. 0-0 exd4 11. Nxd4 Nxe4 12. Nxc6 Nxc3 13. Nxd8 Nxd1 14. Nxf7 Nxb2 15. Nxd6 Nc4 16. Nxc4 Bxa1 17. Ba3 Bg7 18. Bxf8 Bxf8 19. Re1 b5 20. Ne5 Kg7 21. Be4 Rb8 22. Rc1 Be6 23. Rc7+ Kg8 24. Rxa7 Rd8 25. Ng4 Bg7 26. Ra6 Bf7 27. Rb6 Bc4 28. a3 Bf8 29. Rb7 Rd1+ 30. Kh2 Bd6+ 31. g3 Rd2 32. Nf6+ Kf8 33. Nxh7+ Ke8 34. Nf6+ Kd8 35. Ng4 Bxa3 36. Bxg6 b4 37. Be4 b3 38. Ne3 Be6 39. Kg2 Bc5 40. Kf3 b2 41. Rb5 Bd4 42. h4 Bd7 43. Rb3 Ba4 44. Rb8+ Kc7 45. Rb7+ Kc8 46. Rb4 Bd7 47. h5 Kd8 48. h6 Ke7 49. h7 b1Q 50. Bxb1 Bc6+ 51. Be4 Bxe4+ 52. Kxe4 Bg7 53. Rb7+ Kf6 54. f4 Rd8 55. g4 Re8+ 56. Kf3 Kg6 57. Nf5 Bf6 58. Rb6 Rh8 59. g5 Kxh7 60. Rxf6 Rb8 61. Kg4 Rb1 62. Rh6+ Kg8 63. Ne7+ Kf8 64. Ng6+ Kg7 65. Ne5 Rg1+ 66. Kf5 Rf1 67. Rg6+ Kh7 68. Ra6 Rb1 69. Ra7+ Kg8 70. g6 Rb8 71. Kg5 Rb1 72. f5 Rb5 73. Ra8+ 1-0

[Event "Kaspersky op U16"]
[Site "Tornelo INT"]
[Date "2021.04.02"]
[Round "10"]
[White "Petrovskiy, Vadim"]
[Black "Miranda Vargas, Analia Karen"]
[Result "1-0"]
[WhiteElo "2150"]
[BlackElo "1520"]
[PlyCount "49"]
[EventDate "2021.04.02"]
[EventType "swiss (blitz)"]
[EventRounds "11"]
[EventCountry "RUS"]
[SourceTitle "CBM 201 Extra"]
[Source "ChessBase"]
[SourceDate "2021.05.31"]
[SourceVersion "1"]
[SourceVersionDate "2021.05.31"]
[SourceQuality "1"]

1. e4 e5 2. Nf3 Nc6 3. d4 exd4 4. Bc4 Nf6 5. e5 Ng4 6. Qe2 Qe7 7. Bg5 f6 8. exf6 Qxe2+ 9. Kxe2 Nxf6 10. Bxf6 gxf6 11. Nbd2 Bc5 12. Ne4 Be7 13. Rae1 Ne5 14. Nxf6+ Bxf6 15. Nxe5 Bxe5 16. Kd2 d6 17. f4 Bf5 18. fxe5 Kd7 19. Rhf1 Rhf8 20. exd6 Kxd6 21. Rf4 Kc5 22. Re5+ Kxc4 23. b3+ Kb4 24. Rxd4+ Ka3 25. Kc3 1-0